000 00693cam a2200229 a 4500
001 12511949
005 20180820071928.0
008 010823s2002 maua 000 0 eng
010 _a 2001095135
020 _a0312136897 (Student edition)
020 _a0312247907 (Instructor's annotated edition)
040 _aDLC
_cDLC
_dDLC
041 _aeng
080 _a428.6
082 0 0 _a428.6
_221
100 1 _a49
101 _aEDU
245 1 0 _aPutting it together :
_cRobert DiYanni.
906 _a7
_bcbc
_corignew
_d3
_eepcn
_f20
_gy-gencatlg
942 _2ddc
_cBK
999 _c47239
_d47239